มุมมองปกติ
มุมมองแบบ MARC
- วงศกร ภู่ทอง
รายการ Personal Name
001 - CONTROL NUMBER
- control field: 55661
003 - CONTROL NUMBER IDENTIFIER
- control field: NALT
005 - DATE AND TIME OF LATEST TRANSACTION
- control field: 20220120111804.0
008 - FIXED-LENGTH DATA ELEMENTS
- fixed length control field: 220120|| aca||aabn | a|a d
040 ## - CATALOGING SOURCE
- Original cataloging agency: NALT
100 0# - HEADING--PERSONAL NAME
- Personal name: วงศกร ภู่ทอง
